Statistics for NCAA Fencing Championships

Click here to take the quiz!

General Stats

  • This quiz has been taken 24 times
  • The average score is 3 of 7

Answer Stats

HintAnswer% Correct
6Harvard
91%
5Princeton
86%
2Notre Dame
59%
4Ohio State
41%
1Penn State
41%
4St. John's
27%
3Columbia-Barnard
0%

Score Distribution

Percentile by Number Answered

Percent of People with Each Score

Your Score History

You have not taken this quiz